[Event "Panevezys op-C"]
[Site "Panevezys"]
[Date "2016.06.11"]
[Round "5"]
[White "Krivicius, Donatas"]
[Black "Strybuk, Artsiom I"]
[Result "1-0"]
[WhiteElo "1590"]
[BlackElo "1394"]
[PlyCount "81"]
[EventDate "2016.06.09"]
[EventType "swiss"]
[EventRounds "8"]
[EventCountry "LTU"]
[SourceTitle "CBM 172 Extra"]
[Source "ChessBase"]
[SourceDate "2016.06.21"]
[SourceVersion "1"]
[SourceVersionDate "2016.06.21"]
[SourceQuality "1"]

1. d4 Nf6 2. Nf3 d5 3. e3 c6 4. c4 Nbd7 5. Nc3 e6 6. Qc2 Bd6 7. Bd2 Qe7 8. Bd3 dxc4 9. Bxc4 e5 10. dxe5 Nxe5 11. Nxe5 Qxe5 12. 0-0-0 b5 13. f4 Qc5 14. Bd3 Ng4 15. Ne4 Qxc2+ 16. Bxc2 Bc7 17. h3 Nh6 18. Bb4 Be6 19. Nd6+ Bxd6 20. Rxd6 Rc8 21. g4 Bd7 22. Rhd1 Rc7 23. Be4 f5 24. Ba5 Nf7 25. Rxd7 Rxd7 26. Bxc6 fxg4 27. Bxd7+ Ke7 28. Bb4+ Kf6 29. hxg4 h5 30. g5+ Kg6 31. Bxb5 h4 32. Bd3+ Kh5 33. Be2+ Kg6 34. Bg4 h3 35. Rh1 h2 36. Be7 Rh4 37. f5+ Kh7 38. g6+ Kh6 39. gxf7 Rxg4 40. Rxh2+ Rh4 41. Rxh4# 1-0

[Event "Panevezys op-C"]
[Site "Panevezys"]
[Date "2016.06.10"]
[Round "2"]
[White "Staskeviciute, Darija"]
[Black "Krivicius, Donatas"]
[Result "0-1"]
[WhiteElo "1357"]
[BlackElo "1590"]
[PlyCount "174"]
[EventDate "2016.06.09"]
[EventType "swiss"]
[EventRounds "8"]
[EventCountry "LTU"]
[SourceTitle "CBM 172 Extra"]
[Source "ChessBase"]
[SourceDate "2016.06.21"]
[SourceVersion "1"]
[SourceVersionDate "2016.06.21"]
[SourceQuality "1"]

1. d4 d5 2. Nf3 Nf6 3. c4 c6 4. Bg5 Bf5 5. e3 Nbd7 6. Nc3 e6 7. Bd3 Bg6 8. 0-0 Be7 9. Qe2 0-0 10. Rac1 Re8 11. Rfd1 a6 12. a4 dxc4 13. Bxc4 Nd5 14. Bxe7 Qxe7 15. e4 Nxc3 16. Rxc3 Nb6 17. Bb3 Qb4 18. Qc2 Rad8 19. Re3 Bh5 20. Qc3 Qe7 21. Rde1 Qd6 22. Rd1 Rd7 23. Rd2 Bxf3 24. Rxf3 Red8 25. Rfd3 Qf4 26. Re3 Qf6 27. e5 Qe7 28. Bc2 g6 29. Rf3 Nd5 30. Qc4 Qb4 31. Qxb4 Nxb4 32. h3 Rxd4 33. Rxd4 Rxd4 34. Rc3 Nxc2 35. Rxc2 Rxa4 36. Re2 Kf8 37. Kh2 Rb4 38. Kg3 a5 39. Kf3 a4 40. Ke3 Ke7 41. Kd3 a3 42. bxa3 Rb3+ 43. Kc4 Rxa3 44. Kc5 Rb3 45. Re4 Rb5+ 46. Kc4 Ra5 47. Re3 b6 48. Re2 Rc5+ 49. Kb4 Kd7 50. Rd2+ Kc7 51. Re2 Rc1 52. Kb3 b5 53. Kb4 Kb6 54. Rd2 Re1 55. Rd7 Re4+ 56. Kb3 Rf4 57. f3 Kc5 58. Rb7 h5 59. Rb8 Rf5 60. Rb7 Kd5 61. Rc7 Kxe5 62. Rxc6 Kf4 63. Rd6 Kg3 64. Rd2 Rd5 65. Re2 Rd1 66. Kb4 Rg1 67. Kxb5 Rxg2 68. Re3 Kf4 69. Rc3 Rf2 70. Rc7 f5 71. Rc6 Re2 72. Rc3 Re3 73. Rc8 Rxf3 74. Re8 e5 75. Re6 g5 76. Rc6 Rd3 77. Rc5 e4 78. Rc4 Kf3 79. Rc5 Kf4 80. Rc4 g4 81. hxg4 hxg4 82. Rc8 g3 83. Rg8 e3 84. Re8 g2 85. Rg8 Kf3 86. Rg7 e2 87. Re7 g1Q 0-1

[Event "LTU-ch U18"]
[Site "Panevezys"]
[Date "2015.04.02"]
[Round "6"]
[White "Krivicius, Donatas"]
[Black "Jurcius, Modestas"]
[Result "1-0"]
[WhiteElo "1542"]
[BlackElo "1547"]
[PlyCount "61"]
[EventDate "2015.03.30"]
[EventType "swiss"]
[EventRounds "7"]
[EventCountry "LTU"]
[SourceTitle "EXT 2017"]
[Source "ChessBase"]
[SourceDate "2016.10.25"]
[SourceVersion "1"]
[SourceVersionDate "2016.10.25"]
[SourceQuality "1"]

1. e4 e5 2. Nf3 Nc6 3. Bb5 Bc5 4. 0-0 d6 5. c3 Bg4 6. d3 a6 7. Ba4 Nge7 8. Be3 Bxe3 9. fxe3 0-0 10. Qe1 f5 11. exf5 Nxf5 12. e4 Nh6 13. Nbd2 Ne7 14. Bb3+ Kh8 15. Ng5 Rxf1+ 16. Qxf1 Ng6 17. Nf7+ Nxf7 18. Bxf7 Nh4 19. g3 Qg5 20. Qf2 Qxd2 21. gxh4 Qxf2+ 22. Kxf2 Rf8 23. Kg3 Be2 24. Bd5 c6 25. Bb3 Bxd3 26. Rd1 Bxe4 27. Rxd6 Rf3+ 28. Kg4 h6 29. Rd8+ Kh7 30. Bg8+ Kh8 31. Bd5+ 1-0

[Event "LTU-ch sf"]
[Site "Vilnius"]
[Date "2014.02.18"]
[Round "3"]
[White "Voronov, Vadim"]
[Black "Krivicius, Donatas"]
[Result "0-1"]
[WhiteElo "1865"]
[BlackElo "1504"]
[PlyCount "84"]
[EventDate "2014.02.17"]
[EventType "swiss"]
[EventRounds "8"]
[EventCountry "LTU"]
[SourceTitle "CBM 158 Extra"]
[Source "ChessBase"]
[SourceDate "2014.02.28"]
[SourceVersion "1"]
[SourceVersionDate "2014.02.28"]
[SourceQuality "1"]

1. d4 d5 2. c4 c6 3. Nf3 Nf6 4. Nc3 e6 5. e3 Bd6 6. Qc2 Nbd7 7. b3 0-0 8. Bd3 Re8 9. Bb2 e5 10. dxe5 Nxe5 11. Nxe5 Bxe5 12. 0-0-0 Qa5 13. Kb1 Kh8 14. h3 a6 15. g4 b5 16. cxd5 b4 17. Ne2 Bxb2 18. Qxb2 Nxd5 19. Rc1 Qb6 20. Bc4 Be6 21. Bxd5 Bxd5 22. Rhg1 a5 23. Qd4 Qb7 24. Ng3 a4 25. Nf5 Rg8 26. Nd6 Qe7 27. Nc4 Rgd8 28. Qe5 Be4+ 29. Rc2 Qxe5 30. Nxe5 Kg8 31. f3 axb3 32. fxe4 bxc2+ 33. Kxc2 Rxa2+ 34. Kb3 Ra3+ 35. Kxb4 Rxe3 36. Nxc6 Rxe4+ 37. Kb5 Rd5+ 38. Kb6 Re6 39. Rc1 g6 40. Kc7 Re3 41. Rf1 Rc3 42. Kb6 Rd6 0-1